000
00324nam a2200121 a 4500
005
20141022142007.0
008
100913s19uu xx 00 eng d
050
_a
CD-ROM
_b
D54 2005
245
_a
DiscoverEcon with Paul Soleman Videos.
650
_a
CD-ROM
650
_a
DiscoverEcon with Paul Soleman Videos
942
_c
AVM
999
_c
276562
_d
276562